Kosmiczny szyfr - Statystyki

Ogólne statystyki
  • Ten quiz został rozwiązany 41 razy
  • Średni wynik to 15 z 23
Statystyki odpowiedzi
Wskazówka Odpowiedź % Poprawnych
M Droga Mleczna lub Andromeda (np.) Galaktyka
97%
Ł Najbliższa Słońcu planeta Merkury
97%
I ___ Armstrong Neil
97%
E Gdzie żyją ludzie Ziemia
97%
Ł 8. planeta w Układzie Słonecznym Neptun
92%
Ą 300 000 kilometrów na sekundę, to prędkość _____ Światła
90%
Ż Wydarzenie, w którym Księżyc znajdzie się pomiędzy Ziemią a Słońcem Zaćmienie
90%
O Zarówno Słońce, jak i Ziemia mają _____ magnetyczne Pole
85%
K Faza Księżyca, w której jest on niewidoczny Nów
82%
Y Program księżycowy NASA Apollo
77%
A Wolno unoszący się kawałek kosmicznej skały Asteroida
74%
S Wiara w to, że gwiazdy i planety wpływają na wydarzenia; horoskopy Astrologia
67%
R Podnoszenie się i opadanie oceanu, spowodowane przez Księżyc Pływy
62%
O Pas obiektów poza powyższym Pas {Kuipera}
59%
Ń Imię filozofa, który zdefiniował teorię grawitacji Izaak
51%
I Film z Anne Hathaway Interstellar
49%
Z Konstelacja "Myśliwego" zawierająca Rigela i Betelgezę Orion
46%
Hasło - wypowiedział Galileusz Ziemia krąży wokół Słońca
46%
C Chmura gazu, w której mogą powstawać gwiazdy Mgławica
41%
W Całkowicie lub częściowo zjonizowany gaz Plazma
41%
Ó Kiedy obiekt porusza się w odwrotnym kierunku do „normalnego” ruchu, to porusza się ruchem ____ Wstecznym
31%
K „Chmura” wokół Układu Słonecznego, z której powstają komety Obłok {Oorta}
28%
A Przyjazny dla kultury popularnej astronom: Neil _______ Tyson deGrasse
23%
Nie znaleziono quizów pasujących do podanych kryteriów
Rozkład punktacji
Procent ludzi z każdym wynikiem
Percentyl według liczby udzielonych odpowiedzi
Twoja historia wyników
Nie rozwiązałeś tego quizu